000 00312nam a22001337a 4500
008 170906b xxu||||| |||| 00| 0 eng d
020 _a051718897-X
041 _aeng
080 _a621
100 _a25
101 _aIM
245 _aTHE ENCYCLOPEDIA OF HOME WIRING & ELECTRICITY
_cCLIFFORD,M
942 _2udc
_cBK
999 _c26331
_d26331